Rivers of China - Sudden Death - Statistics

General Stats
  • This quiz has been taken 21 times
  • The average score is 4 of 15
Answers on the Grid
Answers color-coded by a green-red scale on the quiz's grid according to % correct below.
Amu Darya
Amur
Argun
Black River
Brahmaputra
Euphrates
Ganges
Han
Huang He
Indus
Irtysh
Kura
Mekong
Ob
Pearl River
Red River
Salween
Songhua
Syr Darya
Tarim
Taz
Tigris
Vilyuy
Volga
Xiang
Yamuna
Yangtze
Yenisei
 
Answer Stats
Answer % Correct
Yangtze
76%
Huang He
59%
Amur
53%
Pearl River
47%
Mekong
41%
Xiang
35%
Brahmaputra
18%
Red River
18%
Salween
18%
Songhua
18%
Indus
12%
Tarim
12%
Argun
6%
Black River
6%
Irtysh
0%
No matching quizzes found
Score Distribution
Percent of People with Each Score
Percentile by Number Answered
Your Score History
You have not taken this quiz